banner-ar

نظرية اللبلاب نظرية فى الشخصية : (Record no. 65369)

MARC details
000 -الفاتح
حقل البيانات ثابتة الطول 00939nam a22002297a 4500
005 - وقت وتاريخ اخر تعامل مع التسجيلة
رقم الضبط 20240530110821.0
008 - عناصر البيانات ثابتة الطول - معلومات عامة
حقل البيانات ثابتة الطول 190711s2018 ua a g 000 0 ara d
017 ## - رقم الايداع القانونى
رقم الايداع القانونى 2019/20955
المصدر ( الهيئة المختصة) مصر. دار الكتب
020 ## - الرقم الدولى المعيارى للكتب
الرقم الدولى المعيارى للكتاب 9789773833522
040 ## - مصدر الفهرسة
وكالة الفهرسة الأصلية EG-CaGPL
وكالة النسخ EG-CaGPL
082 04 - رقم تصنيف ديوى العشرى
رقم الطبعة 21
رقم التصنيف 155.23/
رقم المادة ف ن
100 0# - المدخل الرئيسى - إسم شخصى
الإسم الشخصى فلافيا محمد عثمان
245 12 - بيان العنوان
العنوان نظرية اللبلاب نظرية فى الشخصية :
بقية العنوان فهم الشخصيات المتسلقة والتعامل معها من واقع تحليل نفسى للشخصية /
بيان المسئوليه,etc فلافيا محمد عثمان
250 ## - بيان الطبعة
بيان الطبعة ط.1
260 ## - PUBLICATION, DISTRIBUTION, ETC. (IMPRINT)
تاريخ النشر أو التوزيع 2018 .
300 ## - الوصف المادى
التعداد 116 ص. ؛
أبعاد الوعاء 20 سم.
650 07 - المدخل الاضافى بالموضوع-مصطلح موضوعى
مصدر الرأس أو المصطلح qrmak
مصطلح موضوعي تحليل الشخصية
650 07 - المدخل الاضافى بالموضوع-مصطلح موضوعى
مصطلح موضوعي الشخصية المتسلقة
مصدر الرأس أو المصطلح qrmak
651 ## - المدخل الاضافى بالموضوع - اسم جغرافى
مصدر الرأس أو المصطلح qrmak
942 ## - عناصر المدخل الإضافي( كوها)
مصدر التصنيف او مخطط الترفيف Dewey Decimal Classification
Koha [default] item type كتاب
260 ## - PUBLICATION, DISTRIBUTION, ETC. (IMPRINT)
-- القاهرة :
-- ايتراك للطباعة و النشر و التوزيع،
Holdings
حالة التراجع حالة الفقد حالة تلف ليس للاعارة المكان المؤقت الموقع الحالى موقع الترفيف تاريخ الاكتساب اجمالي اﻻعارات رقم الطلب الباركود تاريخ اخر مشاهدة تاريخ تفعيل السعر نوع وعاء كوها
        مكتبة القاهرة الكبرى مكتبة القاهرة الكبرى القاعة الرئيسية 07/15/2019   155.23/ ف ن 166176 07/15/2019 07/15/2019 كتاب

Powered By

EGPV